The elements of statistical learning: data mining, inference, and prediction

में बचाया:
ग्रंथसूची विवरण
मुख्य लेखकों: Hastie, Trevor J (लेखक), Tibshirani, Robert (लेखक), Friedman, Jerome (लेखक)
स्वरूप: पुस्तक
भाषा:अंग्रेज़ी
प्रकाशित: Nueva York Springer 2001
श्रृंखला:Springer Series in Statistics
विषय:
टैग: टैग जोड़ें
कोई टैग नहीं, इस रिकॉर्ड को टैग करने वाले पहले व्यक्ति बनें!

MARC

LEADER 00000nam a2200000 a 4500
001 UCL3814
003 CL-VaPUC
008 031212e20010000US |||||||||||||||||eng|d
020 |a 0387952845 
082 0 4 |a 006.312  |b HAS  |2 21 
100 |a Hastie, Trevor J  |e author  |9 222215 
700 0 |a Tibshirani, Robert  |e author  |9 481227 
700 0 |a Friedman, Jerome  |e author  |9 481228 
245 1 4 |a The elements of statistical learning: data mining, inference, and prediction 
300 |a 533 p 
942 |c BK 
945 |d 20031212 00:00:00  |a cmena 
260 |a Nueva York  |b Springer  |c 2001 
650 0 |a Métodos de enseñanza  |9 270413 
650 0 |a Computadores  |9 258188 
650 0 |a Modelos lineales  |9 270494 
650 0 |a Programación de computadores   |9 259531 
650 0 |a Modelos matemáticos   |9 259437 
583 |a last modification  |c 20191008 10:24:46  |k Rodrigo Vera 
490 0 |a Springer Series in Statistics 
999 |c 306819  |d 306817 
952 |0 0  |1 0  |4 0  |6 006_312000000000000_HAS_2001  |7 0  |8 A  |9 372176  |a BIBGIM  |b BIBGIM  |d 2019-11-21  |i 3973468  |o 006.312 HAS 2001  |p 3973468  |r 2025-01-15  |w 2019-11-21  |y BK  |k EST 
952 |0 0  |1 0  |4 0  |6 006_312000000000000_HAS_2001  |7 0  |8 A  |9 372177  |a FDOPOS  |b FDOPOS  |d 2019-11-21  |i 3977900  |o 006.312 HAS 2001  |p 3977900  |r 2025-01-22  |w 2019-11-21  |y BK  |k MLA 
952 |0 0  |1 0  |4 0  |6 006_312000000000000_HAS_2001  |7 0  |8 A  |9 372178  |a FDOPOS  |b FDOPOS  |d 2019-11-21  |i 4104730  |o 006.312 HAS 2001  |p 4104730  |r 2025-01-22  |w 2019-11-21  |y BK  |k MLA